| 000 | 00846nam a2200253 a 4500 | ||
|---|---|---|---|
| 005 | 20240910064003.0 | ||
| 008 | 991125s2003 mad 000 0 spa u | ||
| 020 | _a8471124904 | ||
| 035 | _aUPN01000137658 | ||
| 049 | _aCG (Un ejemplar se encuentra en el "Area de Reserva") | ||
| 050 | 4 |
_aHQ796 _bC6.68 2003 |
|
| 100 | 1 | _aColeman, John C. | |
| 245 | 1 | 0 |
_aPsicología de la adolescencia / _cJohn C. Coleman, Leo B. Hendry ; tr. Tomás del Amo. |
| 250 | _a4a ed. actualizada | ||
| 260 |
_aMadrid : _bMorata, _c2003. |
||
| 300 |
_a291 p. : _bcuadros, gráfs. |
||
| 440 | 0 |
_aPsicología. _pManuales |
|
| 500 | _aBibliografía básica (BGTQ) | ||
| 534 |
_pTraducción de: _tThe nature of adolescence |
||
| 650 | 4 |
_aPsicología del adolescente _91013 |
|
| 650 | 4 |
_aAdolescencia _91008 |
|
| 700 | 1 |
_aHendry, Leo B., _ecoaut. |
|
| 905 | _aLibro | ||
| 999 |
_c109809 _d109809 |
||